000 00963cam a22003493a 4500
001 1687
003 PGUSA
005 20140828083005.0
008 990301s1999||||xxu|||||s|||||000 | eng d
040 _aPGUSA
_beng
042 _adc
050 4 _aB
050 4 _aPA
100 1 _aPlato,
_d-428--348
245 1 0 _aParmenides
_h[electronic resource] /
_cPlato
260 _bProject Gutenberg,
_c1999
500 _aSocrates
506 _aPublic domain in the USA.
516 _aElectronic text
653 _aReasoning -- Early works to 1800
653 _aPhilosophy, Ancient
653 _aClassical literature
653 _aParmenides
653 _aZeno, of Elea
653 _aOntology -- Early works to 1800
653 _aSocrates, 470 BC-399 BC
653 _aDialectic -- Early works to 1800
700 1 _aJowett, Benjamin,
_d1817-1893
830 0 _aProject Gutenberg
_v1687
856 4 0 _uhttp://www.gutenberg.org/ebooks/1687
942 _cEB
999 _c231033
_d231033